000 00598nam a2200241 a 4500
001 0001-1277
003 ELIB.Books
008 150629 2010 eng
020 _a9788173622502
035 _a(ELIB.Books)0001-1432
092 _a226.7
_bLoc
100 _aLockyer, Herbert.
245 _aAll the Miracles of the Bible
260 _aGrand Rapids
_bAuthentic Press
_c2014
300 _c21.5 Cm
500 _aLibrary
650 _aMiracles
856 _nKBTS: Library
_uKBTS: Elib
942 _2ddc
_cBK
990 _a1
998 _cbat
_e2015-06-29
999 _c11277
_d11277